Volba banky a SWIFT Placení bez prodlení: Jak na to?
Medzinárodná organizácia SWIFT - Society for Worldwide Interbank Financial Telecommunications - Spoločnosť pre celosvetovú medzibankovú finančnú telekumunikáciu založená v r.1973. Jednotný spoločný telekomunikačný systém v oblasti medzinárodného platobného styku. Vyhľadávanie najoptimálnejších ciest...
Salvato in:
| Autore principale: | |
|---|---|
| Altri autori: | |
| Natura: | Capitolo di libro |
| Lingua: | ceco |
| Soggetti: | |
| Tags: |
Nessun Tag, puoi essere il primo ad aggiungerne!!
|
MARC
| LEADER | 00000naa a2200000 4500 | ||
|---|---|---|---|
| 001 | r000244 | ||
| 005 | 20221213082855.2 | ||
| 041 | 0 | |a cze | |
| 044 | |a CZ | ||
| 245 | 1 | 0 | |a Volba banky a SWIFT |b Placení bez prodlení: Jak na to? |c E. Pálka, M. Krejbich |
| 520 | |a Medzinárodná organizácia SWIFT - Society for Worldwide Interbank Financial Telecommunications - Spoločnosť pre celosvetovú medzibankovú finančnú telekumunikáciu založená v r.1973. Jednotný spoločný telekomunikačný systém v oblasti medzinárodného platobného styku. Vyhľadávanie najoptimálnejších ciest v platobnom styku do zahraničia. Vzájomná komunikácia bánk prostredníctvom siete SWIFT. Situácia v Českej republike. | ||
| 610 | 2 | 0 | |a SWIFT |
| 610 | 2 | 0 | |a styk platobný medzinárodný |
| 610 | 2 | 0 | |a banky |
| 610 | 2 | 0 | |a systémy počítačové telekomunikačné |
| 610 | 2 | 0 | |a siete počítačové |
| 610 | 2 | 0 | |a operácie bankové |
| 100 | 1 | |a Pálka, E. | |
| 700 | 1 | |a Krejbich, M. | |